شعراء عباسيون منسيون / (رقم التسجيلة. 179525)

تفاصيل مارك
000 -LEADER
fixed length control field 01890namaa2200337 i 4500
003 - CONTROL NUMBER IDENTIFIER
control field EG-GICUC
005 - DATE AND TIME OF LATEST TRANSACTION
control field 20260416131819.0
008 - FIXED-LENGTH DATA ELEMENTS--GENERAL INFORMATION
fixed length control field 260416s1997 le ||||gr|||| 001 0 ara d
040 ## - CATALOGING SOURCE
Original cataloging agency EG-GiCUC
Language of cataloging ara
Transcribing agency EG-GiCUC
Modifying agency EG-GiCUC
Description conventions rda
082 04 - DEWEY DECIMAL CLASSIFICATION NUMBER
Edition number 21
Classification number 811.94
Item number N162 1997
092 04 - LOCALLY ASSIGNED DEWEY CALL NUMBER (OCLC)
Edition number 21
Classification number 811.94
Item number N162 1997
099 ## - LOCAL FREE-TEXT CALL NUMBER (OCLC)
Classification number 811.94 N162 1997
100 1# - MAIN ENTRY--PERSONAL NAME
Personal name النجار، ابراهيم،
Dates associated with a name 1941-
Relator term مؤلف.
245 ## - TITLE STATEMENT
Title شعراء عباسيون منسيون /
Statement of responsibility, etc. ابراهيم النجار.
246 05 - VARYING FORM OF TITLE
Title proper/short title Poetes Arabes Mineurs
250 ## - EDITION STATEMENT
Edition statement الطبعة الأولى.
264 ## - PRODUCTION, PUBLICATION, DISTRIBUTION, MANUFACTURE, AND COPYRIGHT NOTICE
Place of production, publication, distribution, manufacture بيروت :
Name of producer, publisher, distributor, manufacturer دار الغرب الاسلامي،
Date of production, publication, distribution, manufacture, or copyright notice 1997.
300 ## - PHYSICAL DESCRIPTION
Extent 7 مجلدات ؛
Dimensions 24 سم
Other physical details إيضاحيات، صور، مثيليات ؛ Illustrations
336 ## - CONTENT TYPE
Source rdacontent
Content type term text
337 ## - MEDIA TYPE
Source rdamedia
Media type term Unmediated
338 ## - CARRIER TYPE
Source rdacarrier
Carrier type term volume
504 ## - BIBLIOGRAPHY, ETC. NOTE
Bibliography, etc. note يشتمل على ارجاعات ببليوجرافية وكشافات.
505 ## - FORMATTED CONTENTS NOTE
Formatted contents note الجزء الأول.القسم الاول : الاشكالية العامة. الجزء الاول.القسم الثاني : ثقافة البادية ومسالكها.الجزء الثاني.القسم الثاني.مسالك الغزل.الجزء الثالث. القسم الثاني.بين الجد والهزل.الجزء الرابع. القسم الثاني.مسالك الرثاء والتفجع.الجزء الخامس.القسم الثاني.مسالك البطالة.الجزء السادس.القسم الثاني.ملاحق وفهارس
541 ## - IMMEDIATE SOURCE OF ACQUISITION NOTE
Source of acquisition د. جابر عصفور ؛
Address القاهرة ؛
Method of acquisition إهداء ؛
Date of acquisition 2024.
650 1# - SUBJECT ADDED ENTRY--TOPICAL TERM
Topical term or geographic name entry element الشعر العربى
General subdivision تاريخ و نقد
Chronological subdivision 750-1258
Source of heading or term qrmak
650 1# - SUBJECT ADDED ENTRY--TOPICAL TERM
Topical term or geographic name entry element الشعر العربى
Chronological subdivision العصر العباسي
Source of heading or term qrmak
650 1# - SUBJECT ADDED ENTRY--TOPICAL TERM
Topical term or geographic name entry element الشعراء العرب
Chronological subdivision العصر العباسى
Source of heading or term qrmak
651 1# - SUBJECT ADDED ENTRY--GEOGRAPHIC NAME
Source of heading or term qrmak
905 ## - Cataloger and Reviser Names
Cataloger Name Asmaa
942 ## - ADDED ENTRY ELEMENTS (KOHA)
Source of classification or shelving scheme Dewey Decimal Classification
Koha item type Reference
Edition 21
Suppress in OPAC No
المقتنيات
Withdrawn status Lost status Source of classification or shelving scheme Damaged status Not for loan Home library Current library Date acquired Inventory number Total checkouts Full call number Barcode Date last seen Price effective from Koha item type
    Dewey Decimal Classification   Not for loan المكتبة المركزبة الجديدة - جامعة القاهرة قاعة المكتبات المهداة - الدور الرابع 16.04.2026 175259   811.94 N162 1997 v.1 pt.1 Ref. J.U. 01000100175259001 16.04.2026 16.04.2026 Reference
    Dewey Decimal Classification   Not for loan المكتبة المركزبة الجديدة - جامعة القاهرة قاعة المكتبات المهداة - الدور الرابع 16.04.2026 175259   811.94 N162 1997 v.1 pt.2 Ref J.U. 01000100175259002 16.04.2026 16.04.2026 Reference
    Dewey Decimal Classification   Not for loan المكتبة المركزبة الجديدة - جامعة القاهرة قاعة المكتبات المهداة - الدور الرابع 16.04.2026 175259   811.94 N162 1997 V.2 PT.2 Ref. J.U. 01000100175259003 16.04.2026 16.04.2026 Reference
    Dewey Decimal Classification   Not for loan المكتبة المركزبة الجديدة - جامعة القاهرة قاعة المكتبات المهداة - الدور الرابع 16.04.2026 175259   811.94 N162 1997 v.3 pt.2 Ref. J.U. 01000100175259004 16.04.2026 16.04.2026 Reference
    Dewey Decimal Classification   Not for loan المكتبة المركزبة الجديدة - جامعة القاهرة قاعة المكتبات المهداة - الدور الرابع 16.04.2026 175259   811.94 N162 1997 v.4 pt.2 Ref. J.U. 01000100175259005 16.04.2026 16.04.2026 Reference
    Dewey Decimal Classification   Not for loan المكتبة المركزبة الجديدة - جامعة القاهرة قاعة المكتبات المهداة - الدور الرابع 16.04.2026 175259   811.94 N162 1997 v.5 pt.2 Ref. J.U. 01000100175259006 16.04.2026 16.04.2026 Reference
    Dewey Decimal Classification   Not for loan المكتبة المركزبة الجديدة - جامعة القاهرة قاعة المكتبات المهداة - الدور الرابع 16.04.2026 175259   811.94 N162 1997 v.6 pt.2 Ref. J.U. 01000100175259007 16.04.2026 16.04.2026 Reference
Cairo University Libraries Portal Implemented & Customized by: Eng. M. Mohamady Contacts: new-lib@cl.cu.edu.eg | cnul@cl.cu.edu.eg
CUCL logo CNUL logo
© All rights reserved — Cairo University Libraries
CUCL logo
Implemented & Customized by: Eng. M. Mohamady Contact: new-lib@cl.cu.edu.eg © All rights reserved — New Central Library
CNUL logo
Implemented & Customized by: Eng. M. Mohamady Contact: cnul@cl.cu.edu.eg © All rights reserved — Cairo National University Library